1775 1591 1709 1038 1142 1990 1498 1464 1409 1105 1542 1542 1056 1688 1244 1367 1483 1638 1849 1650 1718 1614 1197 1196 1777 1314 1458 1724 1474 1917 1122 1736 1242 1796 1049 1082 1086 1985 1775 1890 1483 1871 1059 1456 1006 1250 1657 1733 1360 1991 1976 1177 1769 1344 1342 1095 1438 1766 1561 1029 1593 1696 1266 1149 1958 1035 1212 1995 1375 1525 1573 1542 1587 1508 1528 1716 1817 1372 1840 1709 1661 1730 1958 1854 1063 1048 2000 1648 1898 1735 1693 1548 1862 1593 1441 1498 1045 1974 1954 BCNSPRNW ULIB Ver.6.0+V

เปลี่ยนเป็นภาษาไทย

Change to English
 แสดงรายละเอียดบรรณานุกรม
  กลับหน้าหลัก

Brief Record : Get Marc (ISO 2709) : E-mail record : QR code < ปิดหน้าต่าง
LEADER : 00000nam 2200000uu 4500
001    13399114736
003     ULIB
008    120510s2553||||th 000 0 tha d
099    ^aวจ.LB1025^bบ788ค
100 0  ^aเบญจวรรณ ศรีโยธิน
245 00 ^aรูปแบบการสอนโดยใช้ Enquiry-based learning ในเรื่องกฎหมายที่เกียวข้องกับการประกอบวิชาชีพการพยาบาล/^cเบญจวรรณ ศรีโยธิน
246    ^aUsing enquiry-based learning in laws and regulations associated with nursing profession
260    ^aราชบุรี :^bวิทยาลัยพยาบาลบรมราชชนนี ราชบุรี,^c2553
300    ^a76 หน้า :^bตาราง
500    ^aรายงานการวิจัย
650  7 ^aการสอน^xวิจัย
650  7 ^aEnquiry-based learning^xวิจัย
650  7 ^a กฎหมายที่เกียวข้องกับการประกอบวิชาชีพการพยาบาล^xวิจัย
710 2  ^aวิทยาลัยพยาบาลบรมราชชนนี. ^bราชบุรี
945    ^p0^l0^i031738
995    ^aเกษร
999    ^aใช้งานได้ทุกระบบ
รายการนี้ยังไม่มีแท็ก
คุณยังไม่ได้ล็อกอิน คุณสามารถมีกิจกรรมร่วมกับเว็บไซต์ได้ แต่ต้องล็อกอินก่อน ::
  ล็อกอิน

รายการสื่อสารสนเทศ

ลำดับที่ ประเภท เลขเรียก/บาร์โค้ด สถานที่ สถานะ
1. วิทยาศาสตร์การแพทย์ และสุขภาพ
วิทยาศาสตร์การแพทย์ และสุขภาพ
วจ.LB1025 บ788ค  
  Barcode: 031738
ห้องสมุดวิทยาเขตสวรรค์ประชารักษ์
►วิจัย
บนชั้น

BibComment


ยังไม่เคยถูกคอมเมนท์

คอมเมนท์ทรัพยากรรายการนี้
  คอมเมนท์: รูปแบบการสอนโดยใ..


 Copyright 2026. Bcnsprnw @Library